El hijo del pirata / (Registro nro. 9505)
[ vista simple ]
| 000 -CABECERA | |
|---|---|
| Longitud fija campo de control | 00915nam a2200277Ia 4500 |
| 003 - IDENTIFICADOR DEL NUMERO DE CONTROL | |
| Identificador del número de control | CO-BoRNBP |
| 005 - FECHA Y HORA DE LA ULTIMA TRANSACCION | |
| Fecha y hora de la última transacción | 20230510192114.0 |
| 007 - CAMPO FIJO DE DESCRIPCION FISICA | |
| Campo fijo de descripción física | ta |
| 008 - CODIGOS DE INFORMACION DE LONGITUD FIJA | |
| Códigos de información de longitud fija | 180118s9999 xx 000 0 und d |
| 020 ## - NUMERO INTERNACIONAL NORMALIZADO PARA LIBROS | |
| Número Internacional Normalizado para Libros (ISBN) | 9786071635426 |
| 040 ## - FUENTE DE LA CATALOGACION | |
| Centro catalogador de origen | CO-BoRNBP |
| Lengua de catalogación | spa |
| Normas de descripción | rda |
| Centro transcriptor | CO-BoRNBP |
| 041 ## - CODIGO DE LENGUA | |
| Código de lengua del texto/banda sonora o título independiente | spa |
| 084 ## - Clasificación Local Alfanúmerica PNLB | |
| Número de clasificación | N MCC1 |
| 100 1# - PUNTO DE ACCESO PRINCIPAL-NOMBRE DE PERSONA | |
| Nombre de persona | McCaughrean, Geraldine, |
| 245 #0 - TITULO PROPIAMENTE DICHO | |
| Título | El hijo del pirata / |
| Mención de responsabilidad, etc. | Geraldine McCaughrean ; ilustrado por Ricardo Peláez. |
| 250 ## - MENCION DE EDICION | |
| Mención de edición | Segunda edición |
| 264 ## - PRODUCCION, PUBLICACION , DISTRIBUCION, FABRICACION Y COPYRIGHT | |
| Lugar de producción, publicación, distribución, fabricación | México : |
| Nombre del productor, editor, distribuidor, fabricante | Fondo de Cultura Económica, |
| Fecha de de producción, publicación, distribución, fabricación o copyright | 2016 |
| 300 ## - DESCRIPCION FISICA | |
| Extensión | 343 páginas : |
| Otras características físicas | ilustraciones en blanco y negro ; |
| Dimensiones | 19 cm |
| 336 ## - TIPO DE CONTENIDO | |
| Término de tipo de contenido | texto |
| Código de tipo de contenido | txt |
| Fuente | rdacontent |
| 337 ## - TIPO DE MEDIO | |
| Nombre del tipo de medio | sin mediación |
| Código del tipo de medio | n |
| Fuente | rdamedia |
| 338 ## - TIPO DE SOPORTE | |
| Nombre del tipo de soporte | volumen |
| Código del tipo de soporte | nc |
| Fuente | rdacarrier |
| 490 ## - MENCION DE SERIE | |
| Mención de serie | Colección A la orilla del viento ; 129 |
| 650 14 - PUNTO DE ACCESO ADICIONAL DE MATERIA - TERMINO DE MATERIA | |
| Término de materia o nombre geográfico como elemento inicial | Novela Juvenil Inglesa |
| Fuente del encabezamiento | ARMARC |
| 700 1# - PUNTO DE ACCESO ADICIONAL - NOMBRE DE PERSONA | |
| Nombre de persona | Peláez, Ricardo, 1968- , ilustrador |
| 942 ## - ENTRADA DE ELEMENTOS AGREGADOS (KOHA) | |
| Koha [por defecto] tipo de item | LIbro |
| Perdido | Fuente de clasificación o esquema | Estado Físico | No para préstamo | Forma de adquisición | Localización permanente | Localización actual | Localización en estanterías | Fecha adquisición | Préstamos totales | Signatura completa | Código de barras | Fecha última consulta | Número de copia | Fecha del precio de reemplazo | Tipo de item de Koha |
|---|---|---|---|---|---|---|---|---|---|---|---|---|---|---|---|
| Dewey Decimal Classification | Infantil | Biblioteca Pública Guamal | Biblioteca Pública Guamal | Sala Infantil | 05/10/2023 | N MCC1 | GUA003533 | 05/10/2023 | Ej.1 | 05/10/2023 | Libro Infantil | ||||
| Dewey Decimal Classification | Infantil | Biblioteca Pública La Macarena | Biblioteca Pública La Macarena | Sala Infantil | 08/15/2025 | N MCC1 | LM02937 | 08/15/2025 | Ej.1 | 08/15/2025 | LIbro |